000 00836nam a2200313Ia 4500
001 19606
003 IT-RoPAU
008 130308s9999 xx 000 0 und d
040 _aIT-RoPAU
040 _cIT-RoPAU
041 _aITALIANO
100 _aDorr John
100 _gCodice Aut. SPICS: 967
240 _aGRIFFITH TRADITION (THE)
240 _gCodice Tit. Orig. Spics: T0316
245 _aTradizione Griffith (La)
245 _bCinema muto Americano e la Critica moderna (Il)
250 _a1a ed.
260 _aVENEZIA
260 _bLa Biennale
260 _c1975 [1° Ed.:1975 - Ed.Ling.Originale:1974]
300 _a"13 p. (prefazione: no ; testo: 13 [pagine: 65-77])"
650 _aSAGGI SUL CINEMA
650 _eCodice materia Spics: 6811
942 _cBK
957 _71
999 _c55936
_d55936
999 _bSI
999 _g1